| 000 | 00955pam a2200301 a 4500 | ||
|---|---|---|---|
| 999 |
_c523628 _d523628 |
||
| 001 | 3822533 | ||
| 003 | NUST | ||
| 005 | 20190516080008.0 | ||
| 008 | 860106s1986 mau b 001 0 eng | ||
| 010 | _a 86000220 | ||
| 020 | _a0805793070 (alk. paper) | ||
| 038 | _a0 | ||
| 040 |
_aDLC _cDLC _dDLC |
||
| 050 | 0 | 0 |
_aPN1998.A3 _bS6843 1986 |
| 082 | 0 | 0 |
_a791.43/0233/0924 _219 |
| 100 | 1 |
_aMott, Donald R. _914376 |
|
| 245 | 1 | 0 |
_aSteven Spielberg / _cDonald R. Mott, Cheryl McAllister Saunders. |
| 260 |
_aBoston : _bTwayne Publishers, _cc1986. |
||
| 300 |
_axv, 199 p. ; _c23 cm. |
||
| 440 | 0 |
_aTwayne's filmmakers series _914377 |
|
| 500 | _aIncludes index. | ||
| 504 | _aBibliography: p. 170-176. | ||
| 504 | _aFilmography: p. 177-189. | ||
| 600 | 1 | 0 |
_aSpielberg, Steven, _d1946- _xCriticism and interpretation. _914378 |
| 700 | 1 |
_aSaunders, Cheryl McAllister. _914379 |
|
| 906 |
_a7 _bcbc _corignew _d1 _eocip _f19 _gy-gencatlg |
||
| 942 |
_2ddc _cBK |
||